Statistics for Dinosaurs from Jurassic Park (Films)

Click here to take the quiz!

General Stats

  • This quiz has been taken 38 times
  • The average score is 15 of 23

Answer Stats

HintAnswer% Correct
J1, J2, J3, JW, JW2Tyrannosaurus Rex
100%
J3Spinosaurus
94%
J1, J2, J3, JW, JW2Velociraptor
94%
J1, JW, JW2Triceratops
88%
JWIndominus Rex
81%
J1, J3, JW2Brachiosaurus
78%
J2, JW, JW2Stegosaurus
78%
J1Dilophosaurus
72%
J1, JW, JW2Gallimimus
69%
JW2Indoraptor
69%
J3, JW, JW2Ankylosaurus
59%
J2, J3, JW2Compsognathus
59%
J2, J3, JW, JW2Pteranodon
59%
JW2Allosaurus
56%
JW, JW2Apatosaurus
53%
JW, JW2Mosasaurus
53%
JW2Carnotaurus
50%
J1, J2, J3Parasaurolophus
50%
J3Ceratosaurus
44%
J2, JW2Pachycephalosaurus
41%
J3Corythosaurus
38%
J2Mamenchisaurus
38%
JW2Sinoceratops
34%

Score Distribution

Percentile by Number Answered

Percent of People with Each Score

Your Score History

You have not taken this quiz